| Registos Bibliográficos associados ao registo de autoridade |
|
Etiqueta de registo: 00693cam 2200205 450 001 808478 003 http://id.bnportugal.gov.pt/bib/catbnp/808478 005 19990110000000.0 095 ## $aPTBN00596654 100 ## $a19940521d1887 m y0pory0103 ba 101 0# $apor 102 ## $aPT 200 1# $aOrigem do Condado de Portugal$ememoria apresentada à Academia Real das Sciencias de Lisboa$fpor Carlos Roma du Bocage e öon Nicolas de Goyri 210 #9 $aLisboa$cTyp. da Academia Real das Sciencias,$d1887 215 ## $a57 p.$d28 cm 225 2# $aEstudos de historia patria 700 #1 $aBocage,$bCarlos Roma du,$f1853-1918$3129828 701 #1 $aGoyri,$bNicolas de,$f1850-ca.1894/1905$4070$3129831 801 #0 $aPT$bBN$gRPC 966 ## $lBN$mFGMON$sH.G. 3859 A.
Etiqueta de registo: 00471cam 2200181 450 001 510160 003 http://id.bnportugal.gov.pt/bib/catbnp/510160 005 19990102000000.0 095 ## $aPTBN00713132 100 ## $a19950331d1878 m y0pory0103 ba 101 0# $aspa 102 ## $aES 106 ## $ar 200 1# $aApuntes para las biografias de algunos burgalese célebres 210 #9 $aBurgos$cImp. de D. Timoteo,$d1878 215 ## $aVI, 255, [1] p. 700 #1 $aGoyri,$bNicolas de,$f1850-ca.1894/1905$3129831 801 #0 $aPT$bBN$gRPC 966 ## $lBN$mFGMON$sH.G. 11556 P. 997 ## $aBIBEOD
Etiqueta de registo: 01112cam 022002891 04500 001 397714 003 http://id.bnportugal.gov.pt/bib/catbnp/397714 005 19981231000000.0 095 ## $aPTBN00425879 100 ## $a19900614d1880 m y0pory0103 ba 101 0# $aspa 102 ## $aPT 200 1# $aEstudio crítico-analitico sobre las versiones españolas de Los Lusíadas (canto primero)$fpor D. Nicolas de Goyri 210 #9 $aLisboa$cTypographia de J. H. Verde,$d1880 215 ## $aVIII, [106] p.$d28 cm 303 ## $aPara cada estrofe do Canto I de Os Lusíadas, compara o original de Camões com as trad.
castelhanas de Benito Caldera, Luis Gomez de Tapia, Henrique Garcez, Lamberto Gil
e Conde de Cheste 304 ## $aNo tít., a referência ao "canto primero" sucede a indicação do autor 316 ## $aNa f. de rosto, dedic. manuscrita do autor à Biblioteca Nacional de Lisboa$5PTBN: CAM. 143 V. 675 ## $a821.134.3-1Camões, Luís de.09$vBN$zpor$3567694 700 #1 $aGoyri,$bNicolas de,$f1850-ca.1894/1905$3129831 801 #0 $aPT$bBN$gRPC 856 40 $uhttps://purl.pt/44201 856 41 $uhttps://purl.pt/44201/service/media/cover/low 856 49 $uhttps://purl.pt/44201/service/media/pdf$qapplication/pdf 958 ## $aBND$bLivre$cDigitalizado$d1$ehttps://purl.pt/44201/service/media/cover/max 966 ## $lBN$mRESIMP$sCAM. 143 V. 966 ## $lBN$mRESIMP$sCAM. 1888 V. 966 ## $lBN$mRESIMP$sCAM. 290//2 V. 966 ## $lBN$mRESIMP$sCAM. 383//9 V. 976 ## $d20260601$rpmesqui 995 ## $aCAM500 $d20240529$idfontes 995 ## $aPRR2024 $d20240625$idfontes
|
|
|